000 00585 a2200193 4500
001 62987
005 20260407155924.0
008 260407a1964 arg spa d
003 AR-UNSa-BCEJYS
040 _aAR-UNSa-BCEJYS
_bspa
_cAR-UNSa-BCEJYS
080 _a368
_xSeguros. Provisión comunitaria mediante participación en los riesgos
245 1 0 _aJurisprudencia sobre seguros
264 1 _aBuenos Aires :
_bJorge Alvarez Editor
_c1964
300 _a140 p.
_c20 cm.
041 _aspa
942 _cBK
590 _aniveau_biblio:m niveau_hierar:0
100 1 _aMalagarriga, Carlos C.
999 _c7905
_d7905